000 005950000a22001930004500
003 LK-CoMWRAF
005 20240120171435.0
008 230817t2001 ||||| |||| 00| 0 eng d
020 _a9559052985
040 _aLK-CoMWRAF
_dLK-CoMWRAF
_eLK-CoMWRAF
041 _aeng
082 _a016.3054
_bWAN
100 _aWanasundera, Leelangi
245 _aWomen of Sri Lanka : an annotated bibliography :
_bsupplement No. 3
260 _aColombo:
_bCentre for Women's Research(CENWOR),
_c2001
300 _axiv., 134 p. ; 26 cm
_bIndex included
650 _aWOMEN-Sri Lanka-Bibliographies
942 _cBK
999 _c518
_d518